| 000 | 01237cam a2200373 a 4500 | ||
|---|---|---|---|
| 001 | 1135574 | ||
| 003 | OSt | ||
| 005 | 20230605103257.0 | ||
| 008 | 940826m19939999sg ab b 001 0 eng d | ||
| 010 | _a 94201745 | ||
| 015 | _aGB93-63168 | ||
| 020 | _a2869780265 | ||
| 020 | _a2869780273 (pbk) | ||
| 035 | _a(OCoLC)29305139 | ||
| 040 |
_aNHC _cNHC _dUk _dOCoLC _dDLC |
||
| 042 | _alccopycat | ||
| 043 | _af------ | ||
| 050 | 0 | 0 |
_aHC800 _b.Z45 1993 |
| 082 | 0 | 0 |
_a330.9620 _bZEL |
| 100 | 1 |
_aZeleza, Paul Tiyambe, _d1955- |
|
| 245 | 1 | 2 |
_aA modern economic history of Africa / _cPaul Tiyambe Zeleza. |
| 260 |
_aDakar, Senegal : _bCodesria ; _aOxford, UK. : _bDistributed by African Books Collective, _c1993- |
||
| 300 |
_a501 _bill., maps ; _c23 cm. |
||
| 440 | 0 | _aCodesria book series | |
| 504 | _aIncludes bibliographical references and index. | ||
| 505 | 1 | _av. 1. The nineteenth century. | |
| 651 | 0 |
_aAfrica _xEconomic conditions. |
|
| 651 | 0 |
_aAfrica _xHistory _y19th century. |
|
| 651 | 0 |
_aAfrica _xHistory _x20th century. |
|
| 906 |
_a7 _bcbc _ccopycat _d2 _encip _f19 _gy-gencatlg |
||
| 942 |
_2ddc _cBK |
||
| 999 |
_c261 _d261 |
||